Romanceros de los Condes de Castilla y de los Infantes de Lara /

Nacido en La Coruña en 1869 y muerto en 1968 en Madrid, el longevo filólogo gallego Ramón Menéndez Pidal centró su extensa obra fundamentalmente en la historia de la lengua española y los estudios de las literaturas medievales. La leyenda de los infantes de Lara (1896), su primera obra, muestra sus...

Ful tanımlama

Kaydedildi:
Detaylı Bibliyografya
Yazar: Menéndez Pidal, Ramón (comp.)
Diğer Yazarlar: Goyri, María (compilación) (compilación), Catalán, Diego (edición) (edición), Galmés de Fuentes, Alvaro (colaboración) (colaboración), Caso, J. (colaboración) (colaboración), Canellada, María Josefa (selección) (selección)
Materyal Türü: Kitap
Dil:İspanyolca
Baskı/Yayın Bilgisi: Madrid, España : Gredos, 1963, c1963
Seri Bilgileri:(Romancero Tradicional de las Lenguas Hispánicas ; 2)
Konular:
Etiketler: Etiketle
Etiket eklenmemiş, İlk siz ekleyin!

MARC

LEADER 00000nam^a2200000^a^4500
001 000156910
005 20250521000000.0
009 20260310100521.653
037 |a Acervo ITESO - Biblioteca 
041 |a ESP 
082 |a 861.  |b MEN V. 2 
100 |a Menéndez Pidal, Ramón  |e (comp.) 
240 1 1 |a [Romancero tradicional de las lenguas hispánicas: español, portugués, catalán, sefardí] 
245 1 0 |a Romanceros de los Condes de Castilla y de los Infantes de Lara /  |c Comp. y notas de R. Menéndez Pidal, M. Goyri ; ed. y estudio de D. Catalán ; colaboración de A. Galmés, J. Caso, J.M. Canellada. 
264 4 |a Madrid, España :  |b Gredos,  |c 1963, c1963 
300 |a VII, 298 p. 
336 |a texto  |b txt  |2 rdacontenido 
337 |a sin mediación  |b n  |2 rdamedio 
338 |a volumen  |b nc  |2 rdasoporte 
440 1 |a (Romancero Tradicional de las Lenguas Hispánicas ;  |v 2) 
520 |a Nacido en La Coruña en 1869 y muerto en 1968 en Madrid, el longevo filólogo gallego Ramón Menéndez Pidal centró su extensa obra fundamentalmente en la historia de la lengua española y los estudios de las literaturas medievales. La leyenda de los infantes de Lara (1896), su primera obra, muestra sus intereses primordiales: el estado latente de fenómenos lingüísticos y/o literarios, la transmisión de variantes de la poesía popular y la relación del cantar con hechos históricos coetáneos. La serie de trabajos sobre el Cantar de Mío Cid y su figura histórica, iniciados en 1908; las recolecciones y estudios de romances; el Manual de gramática histórica española (1918); Poesía juglaresca y juglares (1924); Orígenes del español (1926) y La "Chanson de Roland" y el neotradicionalismo (1959) son algunas de sus obras más significativas. Junto con su pareja, María Goyri, Ramón Menéndez Pidal reunió una colección de textos y de notas del romancero tradicional de las lenguas hispánicas. El segundo tomo de esta colección es dedicado a los romances relacionados con las leyendas épicas relativas a la Castilla condal. Se recogen el Romancero del conde Fernán González, el Romancero de los infantes de Salas y el Romancero de la condesa traidora. Son incluidos los romances primitivos, los romances viejos, los romances eruditos y los romances artificiosos de cada una de las tres leyendas épicas. 
649 |a XX 
650 |a Romances Españoles 
650 |a Leyendas Españolas 
650 |a Poesía Epica -  |z España 
650 |a Poesía Española 
650 |a Literatura Española -  |y Hasta 1500 
650 |a Literatura Medieval -  |z España 
740 0 |a Romancero del conde Fernán González /  |c Comp. y notas de R. Menéndez Pidal, M. Goyri ; ed. y estudio de D. Catalán ; colaboración de A. Galmés, J. Caso, J.M. Canellada. 
740 0 |a Romancero de los infantes de Salas /  |c Comp. y notas de R. Menéndez Pidal, M. Goyri ; ed. y estudio de D. Catalán ; colaboración de A. Galmés, J. Caso, J.M. Canellada. 
740 0 |a Romancero de la condesa traidora /  |c Comp. y notas de R. Menéndez Pidal, M. Goyri ; ed. y estudio de D. Catalán ; colaboración de A. Galmés, J. Caso, J.M. Canellada. 
700 |a Goyri, María  |e (compilación) 
700 |a Catalán, Diego  |e (edición) 
700 |a Galmés de Fuentes, Alvaro  |e (colaboración) 
700 |a Caso, J.  |e (colaboración) 
700 |a Canellada, María Josefa  |e (selección) 
910 |a Fondo Salvador Reynoso Reynoso 
920 |a Impresos - Libros 
930 |a Fondos Especiales 
940 |a Literatura 
905 |a 112 
901 |a 0800016229  |b IT2  |c ESP  |u 20250521 
902 |a https://opac.biblio.iteso.mx/vufind/Record/000156910